[Event "GER-chT Lands U20"]
[Site "Tuebingen"]
[Date "2024.10.06"]
[Round "7"]
[White "Schulz, Tim"]
[Black "Goldmann, David"]
[Result "0-1"]
[WhiteElo "1901"]
[BlackElo "1969"]
[PlyCount "71"]
[EventDate "2024.10.03"]
[EventType "team-swiss"]
[EventRounds "7"]
[EventCountry "GER"]
[SourceTitle "CB47_2024"]
[SourceDate "2024.11.20"]
[SourceVersion "1"]
[SourceVersionDate "2024.11.20"]
[SourceQuality "1"]

1. d4 d5 2. Nf3 e6 3. e3 c5 4. b3 Nf6 5. Bb2 cxd4 6. exd4 Nc6 7. a3 Qb6 8. Bd3 Bd6 9. 0-0 0-0 10. Nbd2 Qc7 11. Qe2 Re8 12. Ne5 Bxe5 13. dxe5 Nd7 14. f4 Nc5 15. Rf3 Nxd3 16. Qxd3 Ne7 17. Rh3 Ng6 18. c4 dxc4 19. Nxc4 h6 20. Rf1 Rd8 21. Nd6 Ne7 22. g4 Qc5+ 23. Bd4 Qd5 24. Qe3 b6 25. Bb2 Bb7 26. Nxb7 Qxb7 27. f5 exf5 28. gxf5 Qd7 29. f6 Nf5 30. Qf3 g6 31. Qf4 Kh7 32. Rhf3 Rac8 33. R3f2 Qe6 34. b4 Rc4 35. Qf3 Nh4 36. Qg3 0-1

[Event "GER-chT Lands U20"]
[Site "Tuebingen"]
[Date "2024.10.04"]
[Round "4"]
[White "Reuter, Elisa"]
[Black "Schulz, Tim"]
[Result "1-0"]
[WhiteElo "1985"]
[BlackElo "1901"]
[PlyCount "47"]
[EventDate "2024.10.03"]
[EventType "team-swiss"]
[EventRounds "7"]
[EventCountry "GER"]
[SourceTitle "CB47_2024"]
[SourceDate "2024.11.20"]
[SourceVersion "1"]
[SourceVersionDate "2024.11.20"]
[SourceQuality "1"]

1. e4 c5 2. Nf3 d6 3. d4 cxd4 4. Nxd4 Nf6 5. Nc3 a6 6. Be2 e5 7. Nb3 Be6 8. 0-0 Be7 9. Kh1 0-0 10. f4 Qc7 11. f5 Bc4 12. g4 h6 13. g5 Bxe2 14. Qxe2 hxg5 15. Bxg5 Nbd7 16. Qg2 Rfc8 17. Rg1 Bf8 18. Raf1 Ne8 19. f6 g6 20. Qh3 b5 21. Rf3 b4 22. Nd5 Qxc2 23. Qh4 Qe2 24. Rh3 1-0

[Event "GER-chT Lands U20"]
[Site "Tuebingen"]
[Date "2024.10.04"]
[Round "3"]
[White "Schulz, Tim"]
[Black "Udelnov, Valentin"]
[Result "0-1"]
[WhiteElo "1901"]
[BlackElo "2045"]
[PlyCount "110"]
[EventDate "2024.10.03"]
[EventType "team-swiss"]
[EventRounds "7"]
[EventCountry "GER"]
[SourceTitle "CB47_2024"]
[SourceDate "2024.11.20"]
[SourceVersion "1"]
[SourceVersionDate "2024.11.20"]
[SourceQuality "1"]

1. d4 Nf6 2. Nf3 g6 3. Nc3 d5 4. Bf4 Bg7 5. e3 0-0 6. Be2 c5 7. Ne5 Nc6 8. 0-0 cxd4 9. exd4 Bf5 10. Qd2 Rc8 11. Rad1 a6 12. h3 b5 13. a3 Qb6 14. Nxc6 Qxc6 15. g4 Be6 16. Kh2 Nd7 17. Bh6 Qd6+ 18. Bf4 Qc6 19. Bh6 Nb6 20. Bxg7 Kxg7 21. Qg5 f6 22. Qe3 Rfe8 23. h4 Bf7 24. g5 e5 25. Kg2 f5 26. Rh1 Kg8 27. Kg1 e4 28. h5 Qd6 29. hxg6 Bxg6 30. Qh3 f4 31. Bg4 Rc7 32. Qh6 f3 33. Bf5 Rg7 34. Bxg6 Qxg6 35. Qxg6 Rxg6 36. Rh5 Rf8 37. Kh2 Rf5 38. Rg1 Nc4 39. Nd1 Re6 40. b3 e3 41. Rh6 exf2 42. Rxe6 fxg1Q+ 43. Kxg1 Rxg5+ 44. Kf2 Nd2 45. Ne3 Rh5 46. Ng4 Rh4 47. Nh6+ Kf8 48. Kg3 Rh1 49. Rxa6 Rg1+ 50. Kf2 Rg2+ 51. Ke3 Re2+ 52. Kd3 Ne4 53. Ng4 Rg2 54. Ne5 f2 55. Ke2 Ng3+ 0-1

[Event "Bamberg op 6th"]
[Site "Bamberg"]
[Date "2024.09.06"]
[Round "4"]
[White "Roess, Jonas"]
[Black "Schulz, Tim"]
[Result "0-1"]
[WhiteElo "1868"]
[BlackElo "1901"]
[PlyCount "74"]
[EventDate "2024.09.04"]
[EventType "swiss"]
[EventRounds "7"]
[EventCountry "GER"]
[SourceTitle "EXT 2025"]
[Source "ChessBase"]
[SourceDate "2024.10.14"]
[SourceVersion "1"]
[SourceVersionDate "2024.10.14"]
[SourceQuality "1"]

1. e4 c5 2. Nf3 d6 3. d4 cxd4 4. Nxd4 Nf6 5. Nc3 a6 6. f3 e5 7. Nb3 Be6 8. Be3 Be7 9. Qd2 h5 10. Nd5 Nxd5 11. exd5 Bf5 12. Be2 a5 13. a4 Nd7 14. Bb5 0-0 15. 0-0 Nf6 16. Rad1 Kh8 17. Qf2 Qc8 18. c4 Rg8 19. Bb6 Bd8 20. Rc1 g5 21. c5 Nxd5 22. Bxd8 Qxd8 23. Rfd1 Be6 24. Bc4 Nf4 25. Rxd6 Qf6 26. Bxe6 fxe6 27. Rc3 Rg7 28. Nd2 Rag8 29. Ne4 Qf5 30. Qc2 g4 31. Rd2 h4 32. Kf1 Nd5 33. Nd6 Qf4 34. Rb3 gxf3 35. Rxf3 Ne3+ 36. Ke2 Rxg2+ 37. Kd3 Qd4# 0-1

[Event "Bamberg op 6th"]
[Site "Bamberg"]
[Date "2024.09.05"]
[Round "3"]
[White "Schulz, Tim"]
[Black "Riemer, Ralf"]
[Result "0-1"]
[WhiteElo "1901"]
[BlackElo "1997"]
[PlyCount "47"]
[EventDate "2024.09.04"]
[EventType "swiss"]
[EventRounds "7"]
[EventCountry "GER"]
[SourceTitle "EXT 2025"]
[Source "ChessBase"]
[SourceDate "2024.10.14"]
[SourceVersion "1"]
[SourceVersionDate "2024.10.14"]
[SourceQuality "1"]

1. d4 f5 2. g3 Nf6 3. Bg2 e6 4. Nf3 d5 5. 0-0 Bd6 6. c4 b6 7. Nc3 c6 8. b3 0-0 9. Bb2 Ba6 10. Nd2 Nbd7 11. f3 f4 12. Qe1 fxg3 13. hxg3 Nh5 14. f4 Qf6 15. e3 Qg6 16. Ne2 Ndf6 17. Rc1 Rac8 18. a3 c5 19. Rf3 Bb7 20. Rf1 Ng4 21. Nc3 Nhf6 22. Nf3 Ba6 23. Nb5 Bxb5 24. cxb5 0-1

[Event "GER-ch U25 op-A"]
[Site "Willingen"]
[Date "2024.05.24"]
[Round "8"]
[White "Mehner, Lorenz"]
[Black "Schulz, Tim"]
[Result "1/2-1/2"]
[WhiteElo "1799"]
[BlackElo "1850"]
[PlyCount "58"]
[EventDate "2024.05.19"]
[EventType "swiss"]
[EventRounds "9"]
[EventCountry "GER"]
[SourceTitle "EXT 2025"]
[Source "ChessBase"]
[SourceDate "2024.10.14"]
[SourceVersion "1"]
[SourceVersionDate "2024.10.14"]
[SourceQuality "1"]

1. d4 d5 2. c4 e6 3. Nc3 c5 4. cxd5 exd5 5. Nf3 Nc6 6. Bg5 Qa5 7. dxc5 Bxc5 8. Qxd5 Be6 9. Qe4 h6 10. Bd2 Nf6 11. Qa4 Qb6 12. e3 0-0 13. Be2 Rad8 14. 0-0 Bf5 15. Qf4 Bg4 16. Na4 Bxf3 17. Qxf3 Qc7 18. Bc3 Be7 19. Rfd1 a6 20. Bxf6 Bxf6 21. Nc3 Qb6 22. Nd5 Qxb2 23. Rab1 Qxa2 24. Nxf6+ gxf6 25. Rxb7 Rxd1+ 26. Bxd1 Ne5 27. Qg3+ Kh7 28. f4 Qd5 29. Bf3 Nxf3+ 1/2-1/2

[Event "GER-ch U25 op-A"]
[Site "Willingen"]
[Date "2024.05.22"]
[Round "5"]
[White "Kieselbach, Marvin"]
[Black "Schulz, Tim"]
[Result "0-1"]
[WhiteElo "1887"]
[BlackElo "1850"]
[PlyCount "76"]
[EventDate "2024.05.19"]
[EventType "swiss"]
[EventRounds "9"]
[EventCountry "GER"]
[SourceTitle "EXT 2025"]
[Source "ChessBase"]
[SourceDate "2024.10.14"]
[SourceVersion "1"]
[SourceVersionDate "2024.10.14"]
[SourceQuality "1"]

1. e4 c5 2. Nf3 d6 3. d4 cxd4 4. Nxd4 Nf6 5. Nc3 a6 6. h4 e5 7. Nb3 Be7 8. Be2 h5 9. Bg5 Be6 10. Bxf6 Bxf6 11. g3 g6 12. Qd2 Nc6 13. 0-0-0 Nd4 14. Nxd4 exd4 15. Nd5 Bxd5 16. exd5 Qb6 17. Bd3 Rc8 18. Kb1 Kf8 19. g4 hxg4 20. Qf4 Qd8 21. Qxg4 Rh5 22. Rh3 Rxd5 23. Rf3 Rc7 24. Rh1 Re5 25. a3 Ke7 26. Qxd4 Re6 27. Qf4 Rc5 28. Ka2 Qb6 29. Qb4 Qxb4 30. axb4 Rh5 31. Rf4 g5 32. Rc4 b5 33. Rc7+ Kf8 34. Bf5 Re5 35. hxg5 Rxh1 36. gxf6 Rh6 37. Rc8+ Re8 38. Rc6 Rxf6 0-1

[Event "GER-ch U25 op-A"]
[Site "Willingen"]
[Date "2024.05.20"]
[Round "3"]
[White "Kieselbach, Jannik"]
[Black "Schulz, Tim"]
[Result "1-0"]
[WhiteElo "2003"]
[BlackElo "1850"]
[PlyCount "85"]
[EventDate "2024.05.19"]
[EventType "swiss"]
[EventRounds "9"]
[EventCountry "GER"]
[SourceTitle "EXT 2025"]
[Source "ChessBase"]
[SourceDate "2024.10.14"]
[SourceVersion "1"]
[SourceVersionDate "2024.10.14"]
[SourceQuality "1"]

1. e4 c5 2. c3 Nf6 3. e5 Nd5 4. Bc4 Nb6 5. Bb3 d6 6. exd6 Qxd6 7. Nf3 Nc6 8. 0-0 Bf5 9. d4 cxd4 10. Nxd4 Nxd4 11. cxd4 g6 12. Nc3 Bg7 13. Be3 0-0 14. Rc1 Rfd8 15. Qf3 Qd7 16. h3 Be6 17. Bxe6 Qxe6 18. Qxb7 Nc4 19. Rfe1 Rdb8 20. Qf3 Nxe3 21. fxe3 Rd8 22. b3 Rab8 23. Na4 Rd5 24. Nc5 Qd6 25. Kh1 Rf5 26. Qe2 Bh6 27. g4 Rf6 28. Ne4 Qd5 29. Qg2 Qe6 30. Nxf6+ exf6 31. Qc6 Qe7 32. Rc3 Rb6 33. Qf3 Bf8 34. Rd3 Qa3 35. Qe2 Qd6 36. e4 Rb4 37. Qe3 Qa6 38. Re2 Bh6 39. Qf3 Rb6 40. e5 fxe5 41. dxe5 Re6 42. Rd8+ Bf8 43. Rf2 1-0

[Event "GER-ch U25 op-A"]
[Site "Willingen"]
[Date "2024.05.19"]
[Round "2"]
[White "Schulz, Tim"]
[Black "Longo, Massimo"]
[Result "1-0"]
[WhiteElo "1850"]
[BlackElo "1945"]
[PlyCount "147"]
[EventDate "2024.05.19"]
[EventType "swiss"]
[EventRounds "9"]
[EventCountry "GER"]
[SourceTitle "EXT 2025"]
[Source "ChessBase"]
[SourceDate "2024.10.14"]
[SourceVersion "1"]
[SourceVersionDate "2024.10.14"]
[SourceQuality "1"]

1. d4 e6 2. Nf3 Nf6 3. e3 b6 4. Bd3 Bb7 5. 0-0 Be7 6. b3 0-0 7. Bb2 Ne4 8. Nbd2 f5 9. c4 Qe8 10. Qc2 Nxd2 11. Nxd2 Na6 12. a3 Qh5 13. e4 f4 14. Rfe1 g5 15. Be2 Qg6 16. Qd1 Qg7 17. Rb1 d6 18. Bg4 e5 19. Nf3 Bf6 20. Qd3 Rfe8 21. b4 Rad8 22. d5 Qe7 23. Nd2 c5 24. dxc6 Bxc6 25. Qb3 Kg7 26. Bf5 Bd7 27. Bxd7 Qxd7 28. Rbc1 h5 29. Red1 g4 30. Nb1 h4 31. Nc3 g3 32. Nb5 gxf2+ 33. Kxf2 Qe6 34. Nxa7 Rh8 35. Rd3 Rdg8 36. Rcd1 Be7 37. Nb5 h3 38. g3 Rf8 39. Kg1 fxg3 40. Rxg3+ Kf7 41. Rf1+ Bf6 42. Qd3 Ke7 43. Rd1 Rd8 44. Kh1 Rd7 45. Nc3 Nc7 46. Bc1 Rdd8 47. Rf1 Rdg8 48. Rgf3 Rg6 49. Be3 Rb8 50. Bg1 Rh6 51. Bxb6 Ne8 52. Nd5+ Kd7 53. Qb3 Ra8 54. Ba5 Qg4 55. Qc2 Ke6 56. Qd2 Bg5 57. Qe2 Rh4 58. Rg1 Qh5 59. Qf2 Rxe4 60. Rf8 Rxc4 61. Nb6 Bh4 62. Qf1 Rcc8 63. Nxc8 Rxc8 64. Qxh3+ Ke7 65. Rfg8 Rc4 66. R8g4 Rxg4 67. Rxg4 Nf6 68. Rg1 Ne4 69. Bb6 d5 70. Bc5+ Kf6 71. Rf1+ Kg6 72. Qe6+ Bf6 73. Qe8+ Kh6 74. Bf8+ 1-0